[Event "Rubinstein mem 35th"]
[Site "Polanica Zdroj"]
[Date "1998.08.23"]
[Round "6"]
[White "Leko, Peter"]
[Black "Krasenkow, Michal"]
[Result "1/2-1/2"]
[WhiteElo "2665"]
[BlackElo "2655"]

1.d4 Nf6 2.Bg5 d5 3.e3 Ne4 4.Bf4 Bf5 5.f3 Nd6 6.Nc3 e6 7.Qe2 Bg6 8.O-O-O Be7
9.e4 c6 10.Qe1 O-O 11.h4 h6 12.Bd3 b5 13.Bxd6 Bxd6 14.e5 Bxd3 15.Rxd3 Be7
16.f4 Qa5 17.Kb1 c5 18.dxc5 Nc6 19.Nf3 Bxc5 20.Ne2 Qa4 21.Qd1 Rfc8 22.Ned4 Bxd4  1/2-1/2

[Event "Karl Wagner mem 5th"]
[Site "Graz"]
[Date "1998.09.05"]
[Round "1.17"]
[White "Peisser, Manfred"]
[Black "Balinov, Ilija"]
[Result "0-1"]
[WhiteElo "2135"]
[BlackElo "2450"]

1.d4 Nf6 2.Bg5 g6 3.Bxf6 exf6 4.g3 Bg7 5.Bg2 O-O 6.e3 d6 7.Ne2 c6 8.c4 Re8
9.Nbc3 Na6 10.O-O Bd7 11.a3 Nc7 12.b4 Rb8 13.a4 Qe7 14.Rb1 h5 15.b5 Bh6 16.a5 h4
17.gxh4 Bg4 18.Qd3 f5 19.h3 Bxe2 20.Nxe2 cxb5 21.cxb5 Qxh4 22.b6 axb6 23.Rxb6 Ne6
24.Rfb1 Ra8 25.a6 Rxa6 26.Rxa6 bxa6 27.Qxa6 f4 28.exf4 Bxf4 29.Qc6 Ng7 30.Qf3 Bg5
31.Rb7 Bf6 32.Qd3 Nf5 33.Qb5 Rf8 34.Rb8 Bxd4 35.Rxf8+ Kxf8 36.Nxd4 Qxd4 37.Qb1 Nh4
38.Qf1 Qf6 39.Kh1 Qg5 40.Bc6 Qe5 41.Qd3 Qe1+ 42.Kh2 Qxf2+  0-1

[Event "Elista ol (Men)"]
[Site "Elista"]
[Date "1998.10.01"]
[Round "3"]
[White "Torre, Eugenio"]
[Black "Kozul, Zdenko"]
[Result "1-0"]
[WhiteElo "2545"]
[BlackElo "2570"]

1.d4 Nf6 2.Bg5 d5 3.e3 Ne4 4.Bf4 c6 5.Bd3 Qb6 6.Qc1 Nd7 7.Bxe4 dxe4 8.Ne2 f5
9.Nd2 g6 10.c3 Bg7 11.Qc2 Qa6 12.Qb3 Nb6 13.Bg3 Rf8 14.Nf4 Rf7 15.Ne6 Bxe6
16.Qxe6 Kf8 17.h4 Nd5 18.Be5 Bxe5 19.Qxe5 Rf6 20.h5 g5 21.g4 Kg8 22.gxf5 Raf8
23.h6 R8f7 24.Rh5 Rxf5 25.Rxg5+ Rxg5 26.Qxg5+ Kf8 27.Qg4 Nf6 28.Qc8+ Ne8
29.Nxe4 Qd3 30.Nc5  1-0

[Event "Elista ol (Men)"]
[Site "Elista"]
[Date "1998.10.01"]
[Round "3"]
[White "Tu Hoang Thong"]
[Black "Pinter, Jozsef"]
[Result "0-1"]
[WhiteElo "2480"]
[BlackElo "2595"]

1.d4 Nf6 2.Bg5 d5 3.e3 Ne4 4.Bf4 e6 5.Bd3 Bd6 6.Bxe4 Bxf4 7.exf4 dxe4 8.Nc3 Nc6
9.Nge2 f5 10.Qd2 Ne7 11.O-O-O Nd5 12.g3 b6 13.Rhf1 Ba6 14.Rfe1 O-O 15.Kb1 Bb7
16.Ng1 Nf6 17.Qe2 Nd5 18.Qd2 a5 19.f3 e3 20.Qc1 Nxc3+ 21.bxc3 Bd5 22.Rxe3 b5
23.Ne2 Qd6 24.Qb2 Rfb8 25.Nc1 b4 26.Ka1 a4 27.cxb4 Rxb4 28.Qa3 Rab8 29.Ne2 Bc4
30.Nc3 c5 31.Qc1 cxd4 32.Qd2 Ba6 33.a3 Rc4 34.Na2 Qb6  0-1

[Event "Elista ol (Men)"]
[Site "Elista"]
[Date "1998.10.02"]
[Round "4"]
[White "Ismail, Ahmad"]
[Black "Mertens, Marc"]
[Result "0-1"]
[WhiteElo "2040"]
[BlackElo "2300"]

1.d4 Nf6 2.Bg5 c5 3.Bxf6 gxf6 4.d5 Qb6 5.Qc1 f5 6.Nf3 Bh6 7.e3 Qg6 8.Nc3 a6
9.a4 d6 10.Qd2 Nd7 11.O-O-O Nf6 12.Qe2 Ne4 13.Nxe4 fxe4 14.Nd2 O-O 15.Qc4 b5
16.axb5 axb5 17.Qxb5 Bg4 18.Nb3 Rfb8 19.Qc6 Bxd1 20.Kxd1 Qf6 21.f4 Qxb2 22.Ba6 Qc3
23.Re1 Ra7 24.Nc1 Bg7 25.h3 Qa1 26.Bb5 Bc3  0-1

[Event "Elista ol (Men)"]
[Site "Elista"]
[Date "1998.10.04"]
[Round "6"]
[White "Cueto, Johny"]
[Black "Dukaczewski, Piotr"]
[Result "1/2-1/2"]
[WhiteElo "2350"]
[BlackElo "2225"]

1.d4 Nf6 2.Bg5 g6 3.Bxf6 exf6 4.e3 Bg7 5.Ne2 O-O 6.h4 h5 7.Nf4 d6 8.Be2 Re8
9.c4 Nd7 10.Nc3 Nf8 11.Qb3 a6 12.O-O-O f5 13.Bf3 Rb8 14.Kb1 Ne6 15.g3 Bd7
16.Ncd5 b5 17.cxb5 Bxb5 18.Qc2 c5 19.Nxe6 fxe6 20.Nf4 cxd4 21.exd4 Qb6 22.Qb3 d5
23.Rhe1 Kh7 24.Qe3 a5 25.Rd2 Bf8 26.Rc1 Bh6 27.Ka1 a4 28.Be2 Rbc8 29.Rxc8 Rxc8
30.Kb1 Qc7 31.Qc3 Qxc3 32.bxc3 Bxe2 33.Rxe2 Bxf4 34.gxf4 Rxc3 35.Re3 Rc4
36.Rd3 a3 37.Rxa3 Rxd4 38.Rf3 Kg7 39.Kc2 Kf6 40.Kb3 Ke7 41.a4 Kd6 42.Rc3 Rxf4
43.a5 Rc4 44.Rxc4 dxc4+ 45.Kxc4 e5 46.f3 Kc6 47.a6 Kb6 48.Kd5 e4 49.fxe4 f4
50.Kd4 Kxa6 51.e5 Kb6 52.Ke4 Kc5 53.Kxf4 Kd5 54.Kg5 Kxe5 55.Kxg6  1/2-1/2

[Event "Elista ol (Men)"]
[Site "Elista"]
[Date "1998.10.04"]
[Round "6"]
[White "Minasian, Artashes"]
[Black "Kosashvili, Yona"]
[Result "1-0"]
[WhiteElo "2620"]
[BlackElo "2580"]

1.d4 Nf6 2.Bg5 d5 3.Bxf6 exf6 4.e3 Bd6 5.c4 dxc4 6.Bxc4 O-O 7.Nf3 a6 8.Qc2 c5
9.Nc3 Nc6 10.dxc5 Bxc5 11.Rd1 Qe8 12.a3 Bg4 13.Bd3 Ne5 14.Bxh7+ Kh8 15.Be4 f5
16.Rd5 Bxf3 17.Bxf3 Nxf3+ 18.gxf3 Rc8 19.Qxf5 g6 20.Qf6+ Kh7 21.Rg1 Bxe3
22.fxe3 Qxe3+ 23.Kf1 Qc1+ 24.Kg2 Qxb2+ 25.Kh1 Qxc3 26.Rh5+  1-0

[Event "Elista ol (Men)"]
[Site "Elista"]
[Date "1998.10.04"]
[Round "6"]
[White "Garcia, Raul"]
[Black "Ramos, Domingo"]
[Result "0-1"]
[WhiteElo "2340"]
[BlackElo "2325"]

1.d4 Nf6 2.Bg5 c5 3.Bxf6 gxf6 4.d5 Qb6 5.Qc1 Bh6 6.e3 f5 7.g3 Bg7 8.c3 d6
9.Bg2 Nd7 10.Nd2 Ne5 11.Bf1 Qa5 12.Ngf3 b5 13.Nxe5 Bxe5 14.a4 b4 15.Bb5+ Kf8
16.Nc4 bxc3 17.b3 Qb4 18.Nxe5 dxe5 19.Bc4 a5 20.Qc2 Ba6 21.Bxa6 Rxa6 22.Rc1 Rd6
23.Qxc3 Rxd5 24.O-O Kg7 25.Qxb4 cxb4 26.Rc7 Kf6 27.Rfc1 Rhd8 28.Ra7 Rd1+
29.Rxd1 Rxd1+ 30.Kg2 Rd5 31.Ra6+ e6 32.Ra7 e4 33.h4 Kg6 34.Ra6 Rc5 35.Ra8 h6
36.Ra6 Rd5 37.Ra8 Kf6 38.Ra7 Rc5 39.Kh3 Kg6 40.Kg2 f6 41.Kh2 e5 42.Kh3 Rc3
43.Rxa5 Rxb3 44.Rb5 Rb2 45.Kg2 f4 46.gxf4 exf4 47.h5+ Kf7 48.Kg1 fxe3 49.fxe3 Re2
50.Rxb4 Rxe3 51.Kf2 Rf3+ 52.Ke2 f5 53.Rb6 Ra3 54.Rxh6 f4 55.Rb6 f3+ 56.Kf2 Ra2+
57.Kg3 Rg2+ 58.Kh3 Rg1 59.Rb5 Ke6  0-1

[Event "Elista ol (Men)"]
[Site "Elista"]
[Date "1998.10.07"]
[Round "9"]
[White "Rausis, Igors"]
[Black "Sunye Neto, Jaime"]
[Result "1-0"]
[WhiteElo "2535"]
[BlackElo "2520"]

1.d4 Nf6 2.Bg5 d5 3.Nd2 c6 4.c3 Bf5 5.Ngf3 Nbd7 6.e3 h6 7.Bf4 g5 8.Bg3 e6
9.Ne5 Nxe5 10.Bxe5 Bd6 11.Nf3 Bg4 12.h4 Bxf3 13.gxf3 Rg8 14.hxg5 hxg5 15.Qb3 Bxe5
16.dxe5 Nd7 17.Qxb7 Nxe5 18.O-O-O Rb8 19.Qxa7 Ra8 20.Qb7 Rb8 21.Qa7 Ra8 22.Qd4 Nxf3
23.Rh8 Kd7 24.Rxg8 Qxg8 25.Qf6 g4 26.a3 Qg6 27.Qxg6 fxg6 28.Be2 Rh8 29.e4 Rh2
30.Bxf3 gxf3 31.Rf1 g5 32.Kd2 g4 33.Ke3 e5 34.a4 Kd6 35.b4 c5 36.exd5 cxb4
37.cxb4 Kxd5 38.b5 e4 39.b6 Kc6 40.a5 g3 41.Rc1+ Kb7 42.Rc7+ Kb8 43.a6 Rh8
44.a7+  1-0

[Event "BL2-S9899"]
[Site "Germany"]
[Date "1998.10.18"]
[Round "1.3"]
[White "Pflug, Matthias"]
[Black "Holzhaeuer, Mathias"]
[Result "0-1"]
[WhiteElo "2185"]
[BlackElo "2340"]

1.d4 Nf6 2.Bg5 c5 3.Bxf6 gxf6 4.d5 Qb6 5.Qc1 f5 6.c4 Bg7 7.Nc3 d6 8.e3 Nd7
9.Nf3 Nf6 10.Rb1 Ne4 11.Nxe4 fxe4 12.Nd2 Bf5 13.Be2 Bg6 14.Qc2 Qa5 15.a3 f5
16.g4 O-O 17.h4 h5 18.gxf5 Rxf5 19.f4 exf3 20.Bd3 Raf8 21.Rd1 f2+ 22.Kf1 Be5
23.Nb1 Qd8 24.Rd2 Qd7 25.Qd1 R5f6 26.Bxg6 Rxg6 27.Rxf2 Rxf2+ 28.Kxf2 Qf5+  0-1

[Event "BCF-chT 98/99 (4NCL)"]
[Site "GBR"]
[Date "1998.10.24"]
[Round "1"]
[White "Mortazavi, Ali"]
[Black "Levitt, Jonathan"]
[Result "0-1"]
[WhiteElo "2385"]
[BlackElo "2425"]

1.d4 Nf6 2.Bg5 g6 3.Nc3 d5 4.Qd2 Bg7 5.Bh6 O-O 6.h4 c5 7.Bxg7 Kxg7 8.dxc5 d4
9.O-O-O Nc6 10.Nb5 Qd5 11.Kb1 Ne4 12.Qe1 Be6  0-1

[Event "BCF-chT 98/99 (4NCL)"]
[Site "GBR"]
[Date "1998.10.25"]
[Round "2"]
[White "Bates, Ruth"]
[Black "Hennigan, Rita"]
[Result "1-0"]
[WhiteElo "2060"]
[BlackElo "2225"]

1.d4 Nf6 2.Bg5 c5 3.Bxf6 gxf6 4.d5 Qb6 5.Qc1 f5 6.e3 Bg7 7.c3 Qg6 8.Nh3 d6
9.g3 Nd7 10.Na3 Ne5 11.Qd1 Qh6 12.Nf4 O-O 13.Bg2 a6 14.Nd3 Rb8 15.Rb1 b5
16.Nc2 a5 17.a3 Ba6 18.Nf4 Nc4 19.Ne2 b4 20.axb4 axb4 21.b3 Na3 22.Nxa3 Bxe2
23.Kxe2 bxa3 24.Qc2 Qf6 25.Rhc1 Rb6 26.Ra1 Ra8 27.Ra2 Qg5 28.h4 Qg6 29.Kd2 Ra7
30.Rca1 Rba6 31.Bf1 Ra5 32.Bd3 e6 33.Rg1 Qh6 34.Rb1 Rc7 35.Rba1 Rca7 36.Rb1 Bf6
37.b4 cxb4 38.cxb4 Rxd5 39.b5 Rc5 40.Qb3 Bc3+ 41.Ke2 f4 42.b6 Rb7 43.Qa4 Ba5
44.Rxa3 Qh5+ 45.f3 fxe3 46.Qe4 d5 47.Qd4  1-0

[Event "BCF-chT 98/99 (4NCL)"]
[Site "GBR"]
[Date "1998.10.25"]
[Round "2"]
[White "Dishman, Stephen"]
[Black "Ledger, Andrew"]
[Result "1-0"]
[WhiteElo "2325"]
[BlackElo "2460"]

1.d4 Nf6 2.Bg5 d5 3.Nd2 Bf5 4.e3 e6 5.Ngf3 c5 6.c3 h6 7.Bxf6 gxf6 8.Bb5+ Nd7
9.dxc5 Bxc5 10.Nd4 Bg6 11.N2b3 Bd6 12.Bd3 Rg8 13.O-O Bxd3 14.Qxd3 f5 15.f4 Nf6
16.c4 Be7 17.c5 Qd7 18.Rac1 Rc8 19.Rc2 Ne4 20.Rfc1 Bf6 21.c6 bxc6 22.Rxc6 Rxc6
23.Rxc6 Kf8 24.Qc2 Bd8 25.Nc5 Nxc5 26.Qxc5+ Kg7 27.Qc3 Kh7 28.a4 Qe7 29.b4 Qh4
30.Qd2 Qh5 31.a5 Bf6 32.Rc7 e5 33.Ne2 d4 34.exd4 exd4 35.Ng3 Qg6 36.Rxa7 d3
37.Qxd3 Rc8 38.Rd7 Rc1+ 39.Nf1 Bc3 40.Qd5 Kg8 41.Rd8+ Kh7 42.Rd6 Qh5 43.b5 Bb4
44.Rc6 Rd1 45.Qb3 Bxa5 46.b6 Kg7 47.Qb5 Bd2 48.Qe5+ Kh7 49.Rc8 Rxf1+ 50.Kxf1 Qd1+
51.Kf2 Qb1 52.Rh8+ Kg6 53.Rg8+ Kh5 54.Qe2+ Kh4 55.g3+  1-0

[Event "ISL-ch"]
[Site "Arborg"]
[Date "1998.10.27"]
[Round "1"]
[White "Thorhallsson, Throstur"]
[Black "Hardarson, Robert"]
[Result "0-1"]
[WhiteElo "2495"]
[BlackElo "2325"]

1.d4 Nf6 2.Bg5 c5 3.d5 d6 4.Nc3 g6 5.e4 Bg7 6.f4 Qa5 7.Qd2 Qb4 8.Bb5+ Bd7
9.Bd3 c4 10.Be2 Qxb2 11.Rb1 Nxe4 12.Rxb2 Bxc3 13.Qxc3 Nxc3 14.Rxb7 f6 15.Bh6 Nxd5
16.Bxc4 Nb6 17.Bb3 Bc6 18.Rxb6 axb6 19.Nf3 Bxf3 20.gxf3 Kd7 21.Kf2 Nc6 22.c3 Ra5
23.Re1 Rha8 24.f5 Rxa2+ 25.Bxa2 Rxa2+ 26.Kg3 gxf5 27.Rb1 Rc2 28.Rb3 e5 29.Rxb6 Rxc3
30.Rb7+ Ke6 31.Rxh7 Nd4 32.Bf8 f4+ 33.Kg4 Nxf3 34.Re7+ Kd5 35.Rh7 Ke4 36.Bxd6 f5+
37.Kh5 Nxh2 38.Re7 Ng4 39.Kg5  0-1

[Event "Panormo zt"]
[Site "Panormo"]
[Date "1998.10.28"]
[Round "5"]
[White "Anastasian, Ashot"]
[Black "Solak, Dragan"]
[Result "1/2-1/2"]
[WhiteElo "2560"]
[BlackElo "2425"]

1.d4 Nf6 2.Bg5 d5 3.Bxf6 exf6 4.e3 Be6 5.Bd3 f5 6.Nd2 c6 7.Ne2 Nd7 8.c4 dxc4
9.Bxc4 Bxc4 10.Nxc4 Bb4+ 11.Nc3 Nb6 12.Ne5 Bd6 13.Nf3 O-O 14.O-O Qf6 15.Qb3 Qe6
16.Qc2 Rfe8 17.Rfd1 Rad8 18.Rac1 Bb8 19.g3 g6 20.Re1 Kg7 21.b4 Nd5 22.Qb3 Nxc3
23.Rxc3 Rd5 24.Rc5 Bd6 25.Ng5 Qe7 26.Rxd5 cxd5 27.Nf3 Bxb4 28.Rb1 a5 29.Qxd5 Qe4
30.Qxe4 fxe4 31.Ne5 f6 32.Nd7 Rc8 33.Nb6 Rc2 34.Nd5 Rxa2 35.Nxb4 axb4 36.Rxb4 Ra7
37.g4 Kf7 38.Rb6 g5 39.Kg2 Ke7 40.Kg3 Kf7 41.h4 h6 42.h5 Ke7 43.d5 Ra6 44.Rxb7+ Kd6
45.Rh7 Kxd5 46.Rxh6 Ke5 47.Rh8 Ra1 48.Kg2 Ra7 49.Rb8 Rc7 50.Rb1 Ra7 51.Kf1 Kd5
52.Rb5+ Ke6 53.Rb4 Ke5 54.Rb8 Ra1+ 55.Kg2 Ra7 56.Rg8 Rb7 57.Re8+ Kd5 58.Rd8+ Ke5
59.Rd1 Ra7 60.Rh1 Rb7 61.Kg3 Ra7 62.f3 exf3 63.Kxf3 Rc7 64.h6 Rh7 65.Rh2 Kd5
66.e4+ Ke5 67.Ke3 Ke6 68.Rh1 Ke5  1/2-1/2

[Event "Wch U18 Girls"]
[Site "Oropesa del Mar"]
[Date "1998.10.30"]
[Round "5"]
[White "Charkhalashvili, Inga"]
[Black "Sheldon, Ruth"]
[Result "0-1"]
[WhiteElo "2075"]
[BlackElo "2220"]

1.d4 Nf6 2.Bg5 g6 3.Bxf6 exf6 4.e3 Bg7 5.g3 d6 6.Bg2 Nd7 7.Ne2 f5 8.c4 Nf6
9.Nbc3 c6 10.b4 O-O 11.O-O Be6 12.d5 Bd7 13.Rc1 c5 14.bxc5 dxc5 15.Rb1 Rb8
16.Qc2 Ne8 17.Nb5 a6 18.Na3 Nd6 19.Qd3 Qa5 20.Nc1 b5 21.cxb5 c4 22.Nxc4 Nxc4
23.Qxc4 Bxb5 24.Qf4 Qd2 25.Nb3 Qxa2 26.Nd4 Bxf1 27.Rxb8 Bxg2 28.Nc6 Bxd5
29.Ne7+ Kh8 30.Rxf8+ Bxf8 31.Qe5+ f6 32.Qxd5 Qa1+ 33.Kg2 Bxe7  0-1

[Event "Najdorf op"]
[Site "Buenos Aires"]
[Date "1998.10.31"]
[Round "8"]
[White "Garcia Palermo, Carlos"]
[Black "Poluljahov, Aleksandr"]
[Result "1-0"]
[WhiteElo "2470"]
[BlackElo "2530"]

1.d4 Nf6 2.Bg5 c5 3.Bxf6 gxf6 4.dxc5 Na6 5.Nf3 Nxc5 6.c3 b6 7.g3 Bb7 8.Bg2 Bg7
9.Nbd2 f5 10.O-O Bf6 11.Nd4 Bxg2 12.Kxg2 e6 13.b4 Ne4 14.Nxe4 fxe4 15.Qc2 d5
16.Rad1 O-O 17.f3 exf3+ 18.Rxf3 Bg7 19.e4 dxe4 20.Qxe4 Rc8 21.Qe2 Qg5 22.Nb5 Qe7
23.Rdd3 Rfd8 24.Qd2 Bf8 25.Nd4 Rd5 26.b5 Qg5 27.Qf2 e5  1-0

[Event "Chigorin mem"]
[Site "St. Petersburg"]
[Date "1998.10.31"]
[Round "1"]
[White "Krasnov, Vasiliy G"]
[Black "Kholmov, Ratmir D"]
[Result "1-0"]
[WhiteElo "2265"]
[BlackElo "2480"]

1.d4 Nf6 2.Bg5 d5 3.Bxf6 exf6 4.e3 Be6 5.Bd3 c6 6.Ne2 Bd6 7.Nd2 Nd7 8.c4 dxc4
9.Nxc4 Bb4+ 10.Nc3 O-O 11.a3 Be7 12.Qc2 h6 13.h4 Nb6 14.Na5 Qc7 15.b4 a6
16.h5 Rfe8 17.O-O Rad8 18.Bh7+ Kh8 19.Bf5 Nd5 20.Ne2 Bf8 21.Rfd1 Ne7 22.Bxe6 fxe6
23.Nf4 Nd5 24.Ng6+ Kg8 25.e4 Ne7 26.Rac1 Rd7 27.g3 Nxg6 28.hxg6 Red8 29.Nb3 Kh8
30.f4 a5 31.Qc4 axb4 32.axb4 e5 33.b5 exf4 34.bxc6 bxc6 35.Qxc6 Qb8 36.Nc5 Bxc5
37.Qxc5 fxg3 38.Kg2 Qf4 39.Qf5 Qxf5 40.exf5 Rd5 41.Rc7 Rxf5 42.d5 Kg8 43.d6 Re5
44.Re7 h5 45.Kxg3 Re8 46.Kf4 Kf8 47.Rxe5 fxe5+ 48.Kf5 Ra8 49.Ke6 Ke8 50.Rh1  1-0

[Event "Wch U18 Girls"]
[Site "Oropesa del Mar"]
[Date "1998.11.02"]
[Round "7"]
[White "Charkhalashvili, Inga"]
[Black "Krivec, Jana"]
[Result "1/2-1/2"]
[WhiteElo "2075"]
[BlackElo "2180"]

1.d4 Nf6 2.Bg5 g6 3.Bxf6 exf6 4.e3 Bg7 5.c4 f5 6.Nc3 d6 7.Be2 Nd7 8.Bf3 c6
9.Nge2 Nf6 10.O-O O-O 11.b4 Re8 12.Ng3 h5 13.b5 Bd7 14.bxc6 Bxc6 15.Bxc6 bxc6
16.Qa4 Qc7 17.Rab1 Nd7 18.Nge2 Nb6 19.Qb3 Rab8 20.Nf4 Qc8 21.Nd3 Qe6 22.c5 Qxb3
23.axb3 dxc5 24.Nxc5 f4 25.Na6 Rb7 26.exf4 Bxd4 27.Rfc1 Nd7 28.Kf1 Rb6 29.Ne2 Rxe2
30.Kxe2 Rxa6 31.Rc2 Nf6 32.Kd3 c5 33.b4 Rd6 34.bxc5 Bxc5+ 35.Ke2 Bb6 36.Rc4 Re6+
37.Kf3 Kg7 38.h3 Ne8 39.g4 hxg4+ 40.hxg4 Nd6 41.Rc6 Ne4 42.Rxe6 Nd2+ 43.Ke2 Nxb1
44.Rc6 Na3 45.f5 gxf5 46.gxf5 Nb5 47.Kd3 Bxf2 48.Ke4 Bd4 49.Kd5 a5 50.Kc4 Na7
51.Ra6 Bf2 52.Rxa5 Nc8 53.Kd5  1/2-1/2

[Event "Chigorin mem"]
[Site "St. Petersburg"]
[Date "1998.11.03"]
[Round "4"]
[White "Guliev, Sarhan"]
[Black "Nikolaev, Nikita"]
[Result "1-0"]
[WhiteElo "2465"]
[BlackElo "2325"]

1.d4 Nf6 2.Bg5 g6 3.Bxf6 exf6 4.e3 Bg7 5.Bd3 O-O 6.h4 h5 7.g4 hxg4 8.Qxg4 d5
9.Qg2 Qd6 10.h5 f5 11.Nc3 c6 12.O-O-O g5 13.Qxg5 Qh6 14.Qg3 f4 15.exf4  1-0

[Event "Chigorin mem"]
[Site "St. Petersburg"]
[Date "1998.11.03"]
[Round "4"]
[White "Chepukaitis, Genrikh"]
[Black "Pozdniakov, Sergei"]
[Result "1/2-1/2"]
[WhiteElo "2420"]
[BlackElo "2295"]

1.d4 Nf6 2.Bg5 g6 3.Bxf6 exf6 4.e3 d5 5.Ne2 c6 6.Nd2 Be6 7.g3 Bd6 8.Bg2 Nd7
9.a3 a5 10.b3 a4 11.c4 axb3 12.cxd5 cxd5 13.Qxb3 Qa5 14.Ra2 Nb6 15.O-O O-O
16.Rb1 Nc4 17.Nxc4 dxc4 18.Qb6 Qxb6 19.Rxb6 Rxa3 20.Rxa3 Bxa3 21.Kf1 Rb8
22.Nc3 Be7 23.Ke2 Bc8 24.Bd5 Bd8 25.Rb5 Bd7 26.Rxb7 Rxb7 27.Bxb7 Ba5 28.Ne4 c3
29.Nc5 Ba4 30.Ba6 f5 31.Bc4 c2 32.Nd3 Bb4 33.f3 Kf8 34.Nc1 Ba3 35.Kd2 Bb4+
36.Kd3 Ba3 37.Bb3 Bxc1 38.Bxa4 Bxe3 39.Bxc2 Bg1  1/2-1/2

[Event "Wch U18"]
[Site "Oropesa del Mar"]
[Date "1998.11.04"]
[Round "9"]
[White "Haroutjunian, Gevorg"]
[Black "Horvath, Adam"]
[Result "0-1"]
[WhiteElo "2310"]
[BlackElo "2455"]

1.d4 Nf6 2.Bg5 d5 3.Bxf6 exf6 4.e3 Bd6 5.Bd3 c6 6.Nd2 Qb6 7.Qb1 Be6 8.Ne2 g6
9.a3 Nd7 10.c4 dxc4 11.Nxc4 Bxc4 12.Bxc4 O-O 13.O-O f5 14.Qd3 Nf6 15.Nc3 Rae8
16.b4 Qd8 17.f3 Qc7 18.g3 Bxg3 19.hxg3 Qxg3+ 20.Kh1 Qh3+ 21.Kg1 Qg3+ 22.Kh1 Ng4
23.Ra2 Rxe3 24.Qd2 Rxf3 25.Rxf3 Qxf3+ 26.Kg1 Qg3+  0-1

[Event "Chigorin mem"]
[Site "St. Petersburg"]
[Date "1998.11.06"]
[Round "6"]
[White "Rusanov, Michail"]
[Black "Voitsekhovsky, Stanislav"]
[Result "0-1"]
[WhiteElo "2425"]
[BlackElo "2545"]

1.d4 Nf6 2.Bg5 d5 3.Bxf6 exf6 4.e3 Be6 5.Nd2 c6 6.c3 f5 7.Bd3 Nd7 8.Qf3 g6
9.Ne2 Bd6 10.Nf4 Qc7 11.O-O Nf6 12.h3 h5 13.Nxe6 fxe6 14.c4 g5 15.Qe2 g4
16.c5 Be7 17.f4 gxf3 18.Nxf3 O-O-O 19.b4 Rdg8 20.b5 cxb5 21.Rfb1 Qg3 22.Rxb5 Qxh3
23.Ne1 Bd8 24.Rxb7 Bc7 25.Rxc7+ Kxc7 26.Qd2 Kd7 27.Rb1 Ne4 28.Bxe4 fxe4 29.c6+ Ke7
30.Rb2 Qh4 31.Qb4+ Kf6 32.Rf2+ Kg6 33.Qd6 Re8 34.c7 Qe7 35.c8=N Qxd6 36.Nxd6 Re7
37.Rc2 Rb8 38.Rc6 Rb2 39.a4 Ra2 40.Nc8 Rb7 41.Rxe6+ Kf7 42.Nd6+ Kxe6 43.Nxb7 h4
44.Kf1 Ke7 45.Nc5 Kd6 46.Nb7+ Kc6 47.Nd8+ Kb6 48.Ne6 Rxa4 49.Nf4 Kc6 50.Ke2 Ra2+
51.Kd1 Ra1+ 52.Kd2 a5 53.Nc2 Rg1 54.Ne1 a4 55.Nc2 Kb5 56.Kc3 Rxg2 57.Nb4 a3
58.Nxg2 h3 59.Ne1 h2 60.Nec2 Ka4 61.Nxd5 h1=Q 62.Nb6+ Kb5 63.Nc4 a2 64.N4a3+ Ka4
65.Kb2 Qh7 66.Kxa2 Qf7+ 67.Kb2 Qb7+ 68.Kc3 Qb3+ 69.Kd2 Qd3+ 70.Ke1 Kb3 71.Kf2 Qd1
72.Kg3 Qf3+ 73.Kh4 Qf5 74.Kg3 Kc3 75.Ne1 Kd2 76.Nac2 Ke2 77.Ng2 Qg5+  0-1

[Event "Chigorin mem"]
[Site "St. Petersburg"]
[Date "1998.11.08"]
[Round "8"]
[White "Ter Minasjan, Dmitry"]
[Black "Vakin, Sergei"]
[Result "1/2-1/2"]
[WhiteElo "2245"]
[BlackElo "2360"]

1.d4 Nf6 2.Bg5 c5 3.Bxf6 gxf6 4.d5 Qb6 5.Qc1 Bg7 6.g3 f5 7.c3 Qf6 8.Bg2 d6
9.a4 Nd7 10.Nd2 O-O 11.Qc2 b6 12.Ngf3 Rb8 13.Nc4 Bh6 14.Nfd2 Qg6 15.e3 Nf6
16.O-O Ba6 17.Rfe1 Rbd8 18.f4 Kh8 19.b3 Rg8 20.Rad1 Bb7 21.Nf3 Qh5 22.Nh4 Bc8
23.Kh1 Bf8 24.Bf3 Qh6 25.e4 fxe4 26.Bxe4 Nh5 27.Qf2 e6 28.Ne3 Be7 29.Neg2 Nf6
30.Bf3 Bf8 31.c4 exd5 32.cxd5 a6 33.Ne3 b5 34.axb5 axb5 35.Ra1 Ng4 36.Nxg4 Bxg4
37.Ra7 Bd7 38.Bg2 Qf6 39.Nf3 Bg7 40.Ng5 h6 41.Ne4 Qg6 42.Ra6 Bd4 43.Qf1 Bc8
44.Rb6  1/2-1/2

[Event "Chigorin mem"]
[Site "St. Petersburg"]
[Date "1998.11.08"]
[Round "8"]
[White "Krasnov, Vasiliy G"]
[Black "Polyakov, Dmitriy"]
[Result "0-1"]
[WhiteElo "2265"]
[BlackElo "2220"]

1.d4 d5 2.Bg5 Nf6 3.Bxf6 exf6 4.e3 Be7 5.Bd3 f5 6.Nd2 Be6 7.Ne2 Nd7 8.Nf4 Nf6
9.c4 c6 10.c5 O-O 11.O-O Kh8 12.b4 Re8 13.Qc2 Qd7 14.Nf3 g6 15.a4 Qc8 16.b5 Ne4
17.Rfc1 Rg8 18.Rab1 f6 19.bxc6 bxc6 20.Nxe6 Qxe6 21.Rb7 Bd8 22.Nd2 Re8 23.Nf1 Ba5
24.Rcb1 Kg8 25.h4 Re7 26.R7b3 f4 27.exf4 f5 28.f3 Nf6 29.Ba6 Nh5 30.g3 Qf6
31.Rd1 Rae8 32.Qh2 Re1 33.Rbd3 Rxd1 34.Rxd1 Bc3 35.Qf2 Ng7 36.Rd3 Be1 37.Qb2 Ne6
38.Re3 Ba5 39.Re5 Bc7 40.Qb7 Bxe5 41.fxe5 Qd8 42.f4 Nxd4 43.Qxa7 Qa5 44.Kg2 Qxa4
45.h5 Qc2+ 46.Kh3 Qd1 47.h6 Qh5+ 48.Kg2 Qxh6 49.Qd7 Qf8 50.Qxc6 Rd8 51.Qc7 Qe8
52.g4 Ne6 53.Qb6 Nxf4+ 54.Kf3 Ne6 55.Bd3 Rb8 56.Qa7 Ra8 57.Qb6 Nd4+ 58.Kf4 g5+
59.Kg3 Qxe5+  0-1

[Event "Oberliga Sued W9899"]
[Site "Wuertemberg"]
[Date "1998.11.08"]
[Round "2"]
[White "Rapp, Uwe"]
[Black "Messner, Harry"]
[Result "0-1"]
[WhiteElo "2110"]
[BlackElo "2240"]

1.d4 Nf6 2.Bg5 c5 3.dxc5 Qa5+ 4.Nc3 Ne4 5.Bd2 Nxd2 6.Qxd2 Qxc5 7.Nf3 e6 8.e4 Be7
9.Be2 O-O 10.O-O b6 11.Nd4 Bb7 12.Rad1 a6 13.Bf3 b5 14.a3 d6 15.Rfe1 Nd7
16.Bg4 Bg5 17.f4 Ne5 18.Be2 Bh6 19.g4 Nxg4 20.Bxg4 e5 21.Qf2 exd4 22.Rxd4 Bxf4
23.Nd1 Qg5 24.Qg2 Qh4 25.Nf2 Rae8 26.Rd3 f5 27.Rh3 Qf6 28.Bf3 fxe4 29.Nxe4 Qxb2
30.Rh4 Qe5 31.Re2 Qd4+ 32.Qf2 Qxf2+ 33.Kxf2 Bxe4 34.Bxe4 Bg5+  0-1

[Event "Budapest FS11 IM-A"]
[Site "Budapest"]
[Date "1998.11.10"]
[Round "4"]
[White "Belotelov, Dimitri"]
[Black "Molnar, Laszlo"]
[Result "1-0"]
[WhiteElo "2245"]
[BlackElo "2330"]

1.d4 Nf6 2.Bg5 d5 3.Bxf6 gxf6 4.c4 c6 5.e3 Be6 6.cxd5 cxd5 7.Qb3 Qd7 8.Nc3 Nc6
9.Bd3 Bh6 10.Nge2 Rg8 11.Ng3 Rg7 12.f4 Qd6 13.O-O Kf8 14.Rae1 Na5 15.Qc2 Nc4
16.Bxc4 dxc4 17.Qe2 Bg4 18.Qxc4 Rc8 19.Qd3 e5 20.Nce4 Qb4 21.Nxf6 exf4 22.Nxg4 fxg3
23.Nxh6 gxh2+ 24.Kh1 Qxb2 25.Re2  1-0

[Event "Young Masters 5th"]
[Site "Loures"]
[Date "1998.11.12"]
[Round "10"]
[White "Dantas, Carlos"]
[Black "Moreno, Javier"]
[Result "0-1"]
[WhiteElo "2200"]
[BlackElo "2430"]

1.d4 Nf6 2.Bg5 c5 3.Bxf6 gxf6 4.c3 Qb6 5.Qd2 d5 6.Nf3 Bg4 7.e3 Bxf3 8.gxf3 e6
9.Qc2 Nc6 10.Nd2 cxd4 11.exd4 Bh6 12.Nb3 Rc8 13.Qe2 O-O 14.Bh3 Kh8 15.Nc5 Qc7
16.Nd3 Rg8 17.f4 Bxf4 18.Nxf4 Qxf4 19.Qe3 Qh4 20.O-O-O f5 21.f4 b5 22.Kb1 Rg6
23.Bf1 a6 24.Be2 Rg2 25.Rdf1 Rcg8 26.h3 R8g6 27.a4 bxa4 28.Bxa6 Qd8 29.Qd3 a3
30.b4 Rb2+  0-1

[Event "Max Wilkerson"]
[Site "San Francisco"]
[Date "1998.11.20"]
[Round "3"]
[White "Rey, Guillermo"]
[Black "Vucic, Mladen"]
[Result "1/2-1/2"]
[WhiteElo "2370"]
[BlackElo "2385"]

1.d4 Nf6 2.Bg5 g6 3.Bxf6 exf6 4.e3 Bg7 5.g3 O-O 6.Bg2 d5 7.Ne2 c6 8.Nd2 Bg4
9.c4 dxc4 10.Nxc4 Nd7 11.O-O Nb6 12.Nxb6 Bxe2 13.Qxe2 Qxb6 14.Rac1 f5 15.Rfd1 Rfe8
16.Qc2 Rad8 17.Rd3 Rd7 18.a3 Bf8 19.Rcd1 Red8 20.Bf3 Be7 21.Rb3 Qc7 22.Rc3 Qb6
23.Rb3 Qc7 24.Qc4 Kg7 25.Rbd3 Qd6 26.b4 Qf6 27.b5 cxb5 28.Qxb5 Rc7 29.Qa5 b6
30.Qa6 h5 31.Qa4  1/2-1/2

[Event "BCF-chT 98/99 (4NCL)"]
[Site "GBR"]
[Date "1998.11.22"]
[Round "3"]
[White "Dishman, Stephen"]
[Black "Hennigan, Michael"]
[Result "0-1"]
[WhiteElo "2325"]
[BlackElo "2415"]

1.d4 Nf6 2.Bg5 c5 3.Bxf6 gxf6 4.d5 f5 5.e3 Qb6 6.Qc1 Bg7 7.c3 e6 8.Nh3 e5
9.Bd3 d6 10.Nd2 Bh6 11.f4 e4 12.Be2 Nd7 13.c4 Bg7 14.Rb1 Nf6 15.Nf2 Qc7 16.O-O O-O
17.Nh1 b5 18.b3 bxc4 19.bxc4 Qa5 20.Rb3 Bd7 21.Ra3 Qc7 22.Ng3 a5 23.Rb3 a4
24.Rb1 Rfb8 25.Qc2 Qa5 26.a3 Ne8 27.Rfc1 Rxb1 28.Rxb1 Qc3 29.Qxc3 Bxc3 30.Ngf1 Kf8
31.Kf2 Ke7 32.Ke1 Nf6 33.Kd1 Rg8 34.g3 h5 35.h4 Ra8 36.Kc2 Ba5 37.Rb7 Kd8
38.Rb1 Kc7 39.Rb2 Rg8 40.Rb1 Bc8 41.Kd1 Ba6 42.Ke1 Ng4 43.Rc1 Rb8 44.Bxg4 fxg4
45.Kd1 Rb2 46.Rc2 Rb3 47.Nxb3 axb3 48.Rc1 b2 49.Rb1 Bxc4 50.Nd2 Bxd5 51.Rxb2 Bc6
52.Ke2 d5 53.Rb1 d4 54.exd4 cxd4 55.Nc4 Bc3 56.Ne5 Ba4 57.Nxf7 Bc2 58.Rc1 d3+
59.Ke3 d2 60.Rxc2 d1=Q 61.Rxc3+ Kb8 62.Kxe4 Qe2+ 63.Kf5 Qf3 64.Rxf3 gxf3
65.Kg5 f2 66.Kxh5 f1=Q 67.Kg5 Qe1 68.Ne5 Qxg3+ 69.Ng4 Kc7 70.h5 Kd6 71.h6 Qh3
72.f5 Ke7 73.a4 Kf7 74.f6 Ke6 75.a5 Qd3 76.a6 Qb5+  0-1

[Event "AUT-chT2M 9899"]
[Site "Austria"]
[Date "1998.11.27"]
[Round "1"]
[White "Becker, Christoph"]
[Black "Donegani, Hans Peter"]
[Result "1-0"]
[WhiteElo "1977"]
[BlackElo "2115"]

1.d4 Nf6 2.Bg5 c5 3.d5 Qb6 4.Nc3 Qxb2 5.Bd2 Qb6 6.e4 d6 7.f4 g6 8.e5 dxe5
9.fxe5 Nfd7 10.Nf3 Bg7 11.Rb1 Qd8 12.e6 fxe6 13.Ng5 Ne5 14.Bb5+ Kf8 15.O-O+ Bf6
16.Bf4 Nf7 17.Qf3 Nxg5 18.Bxg5 Kg7 19.Bxf6+ exf6 20.dxe6 Qd4+ 21.Kh1 a6 22.Bd7 Nxd7
23.Rbd1 Qe5 24.exd7 Rd8 25.Rde1 Qg5 26.dxc8=Q Raxc8 27.Qxb7+ Kf8 28.Ne4 Qh6
29.Nxf6  1-0